<?xml version="1.0" encoding="UTF-8"?>
<collection xmlns="http://www.loc.gov/MARC21/slim">
 <record>
  <leader>00449pamaa2200145   4500</leader>
  <controlfield tag="001">0000016787</controlfield>
  <controlfield tag="005">20090520090000.0</controlfield>
  <datafield tag="020" ind1="0" ind2="0">
   <subfield code="a">041503535X </subfield>
  </datafield>
  <datafield tag="090" ind1="0" ind2="0">
   <subfield code="a">B121 </subfield>
   <subfield code="b">COM 1997</subfield>
  </datafield>
  <datafield tag="245" ind1="0" ind2="0">
   <subfield code="a">COMPANION encyclopedia of Asian philosophy  </subfield>
   <subfield code="c">edited by Brian Carr and Indira Mahalingam.</subfield>
  </datafield>
  <datafield tag="260" ind1="0" ind2="0">
   <subfield code="a">London: </subfield>
   <subfield code="b">Routledge, </subfield>
   <subfield code="c">1997.</subfield>
  </datafield>
  <datafield tag="300" ind1=" " ind2=" ">
   <subfield code="a">xxi, 1136p.: </subfield>
   <subfield code="b">23cm.</subfield>
  </datafield>
  <datafield tag="650" ind1="0" ind2="0">
   <subfield code="a">Philosophy, Oriental -- </subfield>
   <subfield code="x">Encyclopedias </subfield>
  </datafield>
  <datafield tag="700" ind1="1" ind2="1">
   <subfield code="a">CARR, </subfield>
   <subfield code="h">Brian </subfield>
  </datafield>
  <datafield tag="700" ind1="1" ind2="1">
   <subfield code="a">Indira Mahalingam </subfield>
  </datafield>
 </record>
</collection>
